[Event "Lidums Checkmate Op"]
[Site "Adelaide"]
[Date "2007.07.07"]
[Round "1.9"]
[White "Obst, James"]
[Black "McColl, Kevin"]
[Result "1-0"]
[Annotator "Anderson-Smith,William"]
[BlackElo "1900"]
[EventCountry "AUS"]
[EventDate "2007.07.07"]
[EventRounds "7"]
[EventType "swiss"]
[PlyCount "65"]
[WhiteElo "2234"]

{ D00: 1 d4 d5: Unusual lines } 1. d4 Nf6 2. Nf3 g6 3. Nc3 d5 4. Bf4 Bg7 5. e3
O-O 6. Be2 c5 7. dxc5 Qa5 8. Nd2 Qxc5 9. Nb3 Qb6 10. Nb5 Na6 ( 10... Ne8 11.
Qxd5 Bxb2 12. Rb1 Bg7 13. O-O Nc6 14. Nc5 ( 14. c4 Bf5 15. Rbd1 Nf6 16. Qc5 e5
17. Bg3 Ne4 18. Qxb6 axb6 19. Ra1 Rfd8 20. Bh4 g5 21. f3 Nd2 22. Bxg5 f6 23.
Bh4 Nxf1 24. Kxf1 Bc2 25. Nc1 Rac8 26. Nb3 Na5 27. Nxa5 bxa5 28. Rc1 Bd3 {
Akselrod,V  ( 2437 ) -Salinnikov,D  ( 2338 ) /Tomsk 2003/CBM 095 ext/0-1  ( 51
)}  )14... Nf6 15. Qc4 Na5 16. Qd4 Nh5 17. Qb4 Nxf4 18. exf4 Nc6 19. Qa3 Bf5
20. Nc3 Qc7 21. Rxb7 Qa5 22. Nb1 Rfc8 23. Nb3 Qxa3 24. Nxa3 a5 25. Bf3 {
Hebden,M  ( 2520 ) -Zapata,A  ( 2580 ) /Cuba 1993/CBM 036/0-1  ( 39 )}  )11.
Be5 Bf5 12. O-O Rfc8 $146 ( 12... Rfd8 13. Bd4 Qc6 14. c3 b6 15. Be5 Qb7 16. a4
Nc5 17. N3d4 Bd7 18. b4 Nce4 19. f3 a6 20. fxe4 axb5 21. exd5 Qxd5 22. Bxf6
Bxf6 23. Bf3 Qe5 24. Bxa8 Qxe3+ 25. Kh1 Rxa8 26. axb5 Rc8 27. Ra7 { Hodgson,J 
( 2525 ) -Westerinen,H  ( 2395 ) /London 1988/CBM 009/1-0  ( 52 )}  )( 12...
Qe6 13. Bd4 $14 )13. c3 { Covers b4}  13... Nc5 ( 13... Qe6 $5 { is worthy of
consideration}  14. Qd4 b6 $14 )14. Nxc5 $16 Qxc5 15. Bd4 Qc6 16. Nxa7 Rxa7 17.
Bxa7 b6 ( 17... Qc7 18. e4 $1 { Deflection: e4}  18... Nxe4 19. Be3 $16 ( 19.
Qxd5 $143 b6 20. Ba6 Nf6 $16 ))18. Qb3 Nd7 ( 18... Qa8 19. Qxb6 Ne8 20. Bb5 $18
)19. Bb5 Nc5 ( 19... Qa8 20. Bxd7 Bxd7 21. Bxb6 $18 )20. Bxc6 Nxb3 21. axb3
Rxc6 22. Rfd1 e6 23. b4 Be5 ( 23... Bc2 { is no salvation}  24. Rd2 Bb3 25. Ra6
$18 )24. Ra6 Bc7 25. b5 Rd6 26. c4 $1 { the final blow}  26... Bc2 ( 26... dxc4
27. Rxd6 { Combination}  )27. Rd2 Bb3 ( 27... Bb1 { doesn't change anything
anymore}  28. b4 dxc4 29. Rxd6 Bxd6 30. Rxb6 Bxb4 31. Rc6 $18 )28. c5 bxc5 29.
Rxd6 ( 29. Bxc5 { might be the shorter path}  29... Rd8 30. b6 Be5 $18 )29...
Bxd6 30. b6 d4 ( 30... Kf8 $18 { desperation} )31. b7 Bd5 32. b8=Q+ ( 32. Bxc5
$142 { and White takes home the point}  32... Bb8 33. Rxd4 h5 $18 )32... Bxb8
33. Bxb8  1-0

[Event "Lidums Checkmate Op"]
[Site "Adelaide"]
[Date "2007.07.07"]
[Round "1.10"]
[White "Mdinaradze, Edgar"]
[Black "Sorokina, Anastasia"]
[Result "1-0"]
[Annotator "Anderson-Smith,William"]
[BlackElo "2201"]
[EventCountry "AUS"]
[EventDate "2007.07.07"]
[EventRounds "7"]
[EventType "swiss"]
[PlyCount "90"]
[WhiteElo "1896"]

{ D26: Queen's Gambit Accepted: 4 e3 e6 5 Bxc5 c5 sidelines } 1. d4 d5 2. c4
dxc4 3. Nc3 e6 4. e3 Nf6 5. Bxc4 c5 6. Nf3 Be7 7. O-O O-O { Black castles and
improves king safety}  8. Qc2 $146 ( 8. Qe2 a6 ( 8... Nc6 9. Rd1 Qe8 10. Bb5 a6
11. Bxc6 Qxc6 12. Ne5 Qc7 13. Bd2 b5 14. a3 Bb7 15. Rac1 Qb6 16. Be1 Rfd8 17.
dxc5 Qxc5 18. Nd3 Qg5 19. f3 Rac8 20. Bf2 Qh5 21. Nf4 Qh6 22. Rxd8+ Rxd8 23.
Rd1 { Tschikischew,J  ( 1249 ) -Falke,I  ( 1460 ) /Willingen 2003/CBM 094
ext/0-1  ( 44 )}  )9. dxc5 Bxc5 10. e4 Nc6 11. Bg5 Be7 12. Rad1 Qc7 13. e5 Nd7
14. Bxe7 Nxe7 15. Bd3 Ng6 16. Bxg6 hxg6 17. Rd6 Nb6 18. Rfd1 Nc4 19. Qe4 Nxd6
20. exd6 Qd8 21. d7 Qe7 22. dxc8=B Raxc8 { Marshall,F-Mieses,J/Cambridge
Springs 1904/HCL/1-0  ( 57 )}  )( 8. dxc5 Qxd1 9. Rxd1 Bxc5 { 1/2-1/2 Paneque,P
 ( 2345 ) -Gomez,A  ( 2365 ) /Ciego de Avila 1997/CBM 060 ext}  )( 8. Re1 a6 9.
Bd2 b5 10. Bd3 Bb7 11. Qe2 Nc6 12. dxc5 Nb4 13. Bb1 Bxf3 14. gxf3 Bxc5 15. Ne4
Bd6 16. Nxd6 Qxd6 17. a3 Nc6 18. f4 Rfd8 19. Bc3 Nd5 20. Be4 Nxc3 21. bxc3 Rac8
22. Red1 Qc5 { Szczygiel,M-Radzicki,W  ( 2039 ) /Wroclaw 2006/CBM 113 ext/1-0 
( 40 )}  )( 8. dxc5 Nc6 $14 )8... Nc6 9. Rd1 Qc7 ( 9... cxd4 10. exd4 Nb4 11.
Qe2 $11 )10. dxc5 $14 Nb4 { Black threatens to win material: Nb4xc2}  11. Qe2
Bxc5 12. a3 Nc6 ( 12... Nbd5 13. Nb5 Qe7 14. e4 $16 )13. Nb5 ( 13. b4 Be7 $16
)13... Qb8 $14 14. b4 { White threatens to win material: b4xc5}  14... Be7 15.
Bb2 e5 16. h3 { Controls g4}  16... e4 { Black threatens to win material:
e4xf3}  ( 16... a5 17. bxa5 e4 18. Nd2 $14 )17. Nd2 Bf5 18. Nd4 Bg6 ( 18...
Nxd4 $5 $142 { should be considered}  19. Bxd4 Rc8 $14 )19. Nxc6 $16 bxc6 20.
Nb3 Bh5 21. g4 Bg6 22. Na5 Qb6 23. Nb3 ( 23. g5 Ne8 24. Rd7 Bxg5 $18 )23...
Rad8 ( 23... Qb8 $5 $11 { should be examined more closely} )24. Bd4 $14 Qb8 25.
Na5 { White threatens to win material: Na5xc6}  25... Qc7 26. Rac1 h5 $4 {
another step towards the grave.}  ( 26... c5 $142 27. Nb3 Nd7 $16 )27. Nxc6 $1
$18 { Double attack: c6/g8}  27... Rc8 ( 27... Qxc6 28. Bxf7+ { Double attack} 
)28. Nxa7 ( 28. Ne5 Nxg4 29. Bxf7+ Bxf7 30. Rxc7 Rxc7 31. Nxf7 Rxf7 32. hxg4 a5
33. bxa5 hxg4 34. Qxg4 Bxa3 35. Qxe4 Bf8 $18 )28... Qb8 29. Nxc8 Rxc8 30. Bxf6
Bxf6 31. Ba2 Re8 ( 31... Rf8 { does not help much}  32. gxh5 Bf5 33. Rc5 Bxh3
34. h6 $18 )32. Rc6 ( 32. Rc5 $142 { makes it even easier for White}  32... Be7
33. Rb5 Qc8 34. gxh5 Bf5 $18 )32... Qe5 ( 32... hxg4 { does not improve
anything}  33. Qxg4 Kf8 34. Rc5 $18 )33. Rdc1 ( 33. Rc5 $142 { and the result
of the game is clear: White will win}  33... Qb8 34. gxh5 Bh7 $18 )33... hxg4
34. hxg4 Kh7 ( 34... Qg5 { a fruitless try to alter the course of the game} 
35. Rc8 Rd8 36. Bb1 $18 )35. Kg2 ( 35. Qf1 Bg5 36. R1c5 Qe7 37. Qh3+ Bh6 $18
)35... Qg5 ( 35... Rb8 { cannot change what is in store for ?}  36. Qd1 Re8 37.
Qh1+ Kg8 38. R1c5 $18 )36. R6c5 Be5 37. b5 Kg8 38. b6 ( 38. Rc8 $5 { keeps an
even firmer grip}  38... Rxc8 39. Rxc8+ Kh7 $18 )38... Bf5 39. Rxe5 $1 { Decoy:
e5}  39... Rxe5 40. Kg3 ( 40. b7 $142 { makes it even easier for White}  40...
Re8 41. Rc5 $18 )40... Bd7 ( 40... Rb5 41. Rb1 Rxb1 42. Bxb1 Bc8 $18 )41. b7 (
41. Qd1 Qf6 42. f4 ( 42. Qxd7 $6 { is not possible}  42... Qf3+ 43. Kh2 Qxf2+
44. Kh1 Qf3+ 45. Kg1 Qxe3+ 46. Kh2 Qf2+ 47. Kh1 Qf3+ 48. Kg1 Qe3+ 49. Kh2 Qxc1
50. Qxf7+ Kh7 $11 )42... Qxb6 43. fxe5 ( 43. Qxd7 $6 { succumbs to}  43...
Qxe3+ 44. Kg2 Qe2+ 45. Kh1 Qf3+ 46. Kg1 Qg3+ 47. Kh1 Qf3+ 48. Kg1 Qg3+ 49. Kh1
Qf3+ $11 )43... Qxe3+ 44. Kg2 Bxg4 45. Bxf7+ ( 45. Qxg4 $6 Qxc1 46. Bxf7+ Kxf7
$14 )45... Kf8 46. Qd6+ Kxf7 47. Rc7+ Kg8 48. Qd8+ Kh7 49. Qh4+ Kg8 50. Qxg4
Qd2+ 51. Kf1 Qd3+ 52. Qe2 Qh3+ 53. Ke1 Qg3+ 54. Qf2 Qxe5 55. Qf7+ Kh7 56. Qxg7+
Qxg7 57. Rxg7+ Kxg7 58. a4 $18 )41... Re8 42. a4 $1 { Decoy: a4}  42... Rb8 (
42... Bxa4 43. Qc4 { Double attack}  ( 43. Qc4 { Decoy} ))43. f4 exf3 44. Qxf3
Rxb7 $4 { simply worsens the situation}  ( 44... Qe5+ 45. Kh3 Rxb7 46. Bxf7+
Kh7 $18 )45. Qxf7+ ( 45. Qxb7 $6 { is a bad alternative}  45... Qxe3+ 46. Qf3
Qxc1 47. Qxf7+ Kh7 48. Qh5+ Qh6 49. Bb1+ Kg8 50. Qxh6 gxh6 $18 )45... Kh7  1-0

[Event "Lidums Checkmate Op"]
[Site "Adelaide"]
[Date "2007.07.07"]
[Round "1.12"]
[White "Huynh, Arthur"]
[Black "Stojic, Dusan"]
[Result "0-1"]
[Annotator "Anderson-Smith,William"]
[BlackElo "2169"]
[EventCountry "AUS"]
[EventDate "2007.07.07"]
[EventRounds "7"]
[EventType "swiss"]
[PlyCount "56"]
[WhiteElo "1833"]

{ A76: Modern Benoni: Classical: 9...Re8 10 Qc2 } 1. d4 Nf6 2. Nf3 g6 3. c4 Bg7
4. Nc3 c5 5. d5 O-O 6. e4 d6 7. Be2 e6 8. O-O exd5 9. cxd5 Re8 10. Qc2 Na6 (
10... Bg4 11. Re1 a6 12. a4 Nbd7 13. Bf4 Qc7 14. Nd2 Bxe2 15. Rxe2 Nh5 16. Be3
Bd4 17. Rf1 Ne5 18. Nd1 Bxe3 19. Rxe3 Ng4 20. Ree1 b5 21. h3 Ngf6 22. f4 Ng3
23. Rf3 Nf5 24. Rff1 Nd4 25. Qd3 { Donner,J  ( 2495 ) -Velimirovic,D  ( 2530 )
/Amsterdam 1974/MCL/1/2-1/2  ( 42 )}  )( 10... Qe7 11. Nd2 Na6 12. Re1 Nc7 13.
a4 b6 14. Bc4 Ng4 15. Nf3 Ne5 16. Nxe5 Bxe5 17. f4 Bd4+ 18. Be3 Qf6 19. g3 Re7
20. e5 Bf5 21. Ne4 Bxe4 22. Qxe4 Rae8 23. Bxd4 cxd4 24. Qxd4 dxe5 25. Qc3 {
Nestorovic,D  ( 2407 ) -Gazivoda,M  ( 2141 ) /Belgrade 2005/CBM 107 ext/1-0} 
)11. Bxa6 bxa6 12. h3 { Black has a cramped position}  12... Nh5 $146 ( 12...
Rb8 13. Bf4 Nh5 14. Bh2 f5 15. Nd2 f4 16. Rab1 Be5 17. Nf3 Rb7 18. Rfe1 g5 19.
Nxe5 Rxe5 20. f3 Re8 21. Qf2 Qf6 22. Re2 Qe5 23. Rbe1 Bd7 24. Rd2 Reb8 25. a3
Kh8 26. Rc1 Rb3 27. Rcc2 { Hansen,V-Holm,S/Aalborg 1965/MCD/1/2-1/2  ( 58 )} 
)13. g4 ( 13. Bg5 $5 f6 14. Be3 $14 )13... Nf6 $11 14. Bf4 h5 15. g5 ( 15. Nh2
$5 $15 { is worth looking at} )15... Bxh3 $17 16. gxf6 ( 16. Rfe1 $5 Qd7 17.
Qe2 Qg4+ 18. Bg3 $17 )16... Qxf6 $19 17. Qd2 Bh6 $1 { Deflection: f4}  18. Bxh6
Qxf3 19. Qg5 Kh7 20. Kh2 ( 20. Rae1 Re5 21. Qg3 Qxg3+ 22. fxg3 Bxf1 $19 ( 22...
Kxh6 $6 23. Rxf7 Ree8 24. Kh2 $11 ))20... f6 21. Qg3 Qxg3+ 22. fxg3 ( 22. Kxg3
Bxf1 23. Bf4 Bd3 24. Bxd6 Bxe4 25. Bxc5 g5 $19 )22... Bxf1 23. Rxf1 ( 23. Bf4
Bd3 24. Bxd6 Bxe4 25. Bxc5 $19 )23... Kxh6 24. Rxf6 Rad8 ( 24... Rf8 { might be
the shorter path}  25. Rxf8 Rxf8 26. Kg2 $19 )25. Rf7 ( 25. Kg2 { is not much
help}  25... Rd7 $19 )25... Rf8 26. Rxa7 ( 26. Rxf8 { is still a small chance} 
26... Rxf8 27. Kg2 $19 )26... Rf2+ 27. Kg1 Rdf8 28. Rxa6 Rf1+ ( 28... Rf1+ 29.
Kg2 R8f2+ 30. Kh3 Rh1# ) 0-1

[Event "Lidums Checkmate Op"]
[Site "Adelaide"]
[Date "2007.07.07"]
[Round "1.13"]
[White "Zaric, Srboljub"]
[Black "Zulfic, Fedja"]
[Result "1/2-1/2"]
[Annotator "Anderson-Smith,William"]
[BlackElo "1809"]
[EventCountry "AUS"]
[EventDate "2007.07.07"]
[EventRounds "7"]
[EventType "swiss"]
[PlyCount "62"]
[WhiteElo "2144"]

{ B77: Sicilian Dragon: Yugoslav Attack, 9 Bc4 sidelines } 1. e4 c5 2. Nf3 g6 3.
d4 cxd4 4. Nxd4 Nc6 5. Nc3 Bg7 6. Be3 Nf6 7. Bc4 O-O 8. Bb3 a5 9. f3 d6 10. Qd2
Bd7 11. Nxc6 $146 ( 11. a3 a4 12. Ba2 Qa5 13. h4 Rfc8 14. Nde2 Ne5 15. O-O-O
Be6 16. Nd5 Nxd5 17. Qxa5 Nxe3 18. Qb6 Rxc2+ 19. Kb1 Bxa2+ 20. Kxa2 Nxd1 21.
Rxd1 Nc4 22. Qc7 Rxb2+ 23. Ka1 Rxe2+ 24. Kb1 Nxa3+ 25. Kc1 Bb2# {
Frilling,F-Watson,J/Lincoln 1969/MCD/0-1}  )( 11. Ndb5 Ne5 12. a4 Rc8 ( 12...
Qc8 13. Qe2 Be6 14. Nd5 Nxd5 15. exd5 Bd7 16. h3 Bxb5 17. Qxb5 Nd7 18. c3 Nc5
19. O-O Nxb3 20. Qxb3 { 1/2-1/2 Oppitz,P  ( 2240 ) -Becker,M  ( 2285 ) /Germany
1991/GER-chT}  )13. Qe2 Be6 14. Nd5 Bxd5 15. exd5 Ned7 16. c4 Nc5 17. Bc2 Nfd7
18. Rb1 Na6 19. O-O Nb4 20. b3 Nc5 21. Na7 Ra8 22. Bxc5 dxc5 23. Nb5 Re8 24.
Rbd1 Qb6 25. Bb1 e6 { Angelis,M-Kengis,E  ( 2590 ) /Katerini 1992/CBM 032
ext/0-1  ( 46 )}  )( 11. O-O-O a4 12. Nxc6 Bxc6 13. Bc4 b5 14. Bxb5 Bxb5 15.
Nxb5 Qb8 16. Nd4 Qb7 17. c3 Rfb8 18. h4 Nd7 19. Qc2 Ra6 20. g4 Ne5 21. Rh2 Nc4
22. Bg1 Be5 { 0-1 Guennoun,A  ( 2159 ) -Laclau,D  ( 2277 ) /Montpellier
2006/CBM 113 ext}  )11... Bxc6 12. a4 Qc7 { White has an active position}  13.
Rd1 Rfd8 14. Nd5 ( 14. O-O e6 $14 )14... Bxd5 $11 15. exd5 { White has the pair
of bishops}  15... Nd7 16. c3 { Secures d4}  16... Nc5 { Black threatens to win
material: Nc5xb3}  17. Bc2 Rdb8 18. Bd4 b5 19. Bxg7 Kxg7 20. Qd4+ Kg8 21. Rd2 (
21. h4 $5 { deserves consideration}  21... e5 22. dxe6 Nxe6 23. Qxd6 $11 )21...
bxa4 22. Bxa4 Nb3 23. Bxb3 Rxb3 24. O-O Rab8 25. Rff2 R8b5 26. Qe4 ( 26. Rfe2
$5 $11)26... Qb7 $15 27. c4 { White threatens to win material: c4xb5}  27...
R5b4 28. Qd4 Qb6 29. Qxb6 Rxb6 { A double rook endgame occured}  30. Rfe2 {
White threatens to win material: Re2xe7}  30... Kf8 31. Rc2 Rb7  1/2-1/2

[Event "Lidums Checkmate Op"]
[Site "Adelaide"]
[Date "2007.07.07"]
[Round "1.14"]
[White "Gibbs, Glen B"]
[Black "Wright, Neil S"]
[Result "0-1"]
[Annotator "Anderson-Smith,William"]
[BlackElo "2141"]
[EventCountry "AUS"]
[EventDate "2007.07.07"]
[EventRounds "7"]
[EventType "swiss"]
[PlyCount "94"]
[WhiteElo "1800"]

{ D97: Grünfeld: Russian System: 7 e4, replies other than 7...Bg4 } 1. d4 Nf6
2. Nf3 g6 3. c4 Bg7 4. Nc3 d5 5. Qb3 dxc4 6. Qxc4 O-O 7. e4 Nc6 8. d5 ( 8. Be3
Ng4 9. e5 Nxe3 10. fxe3 a5 11. a3 a4 12. Rd1 Ra5 13. h4 Bd7 14. h5 b5 15. Nxb5
Qb8 16. hxg6 hxg6 17. Ng5 e6 18. Nh7 Re8 19. Nf6+ Bxf6 20. exf6 Ne7 21. fxe7
Rxb5 22. d5 Qb6 { Piket,J  ( 2628 ) -Ernst,S  ( 2435 ) /Leeuwarden 2001/CBM
084/1-0}  )8... Na5 9. Qd3 e6 $146 { Black has a cramped position. Black's
piece can't move: a5}  ( 9... c6 10. dxc6 ( 10. Be3 cxd5 11. exd5 Bf5 12. Qd2
Ne4 13. Nxe4 Bxe4 14. Rd1 Rc8 15. Bd4 Bxf3 16. Bxg7 Bxd1 17. Bxf8 Kxf8 18. Qxd1
Qb6 19. Qd2 Nc4 20. Bxc4 Rxc4 21. O-O Qd4 22. Qa5 Qc5 23. Qd8+ Kg7 24. Qb8 b5 {
Thomassen,J  ( 1963 ) -White,K  ( 2069 ) /Gausdal 2005/CBM 108 ext/1/2-1/2  (
54 )}  )10... Nxc6 11. Qxd8 Rxd8 12. Be2 b6 13. O-O Bb7 14. Bf4 Nb4 15. e5 (
15. a3 Nd3 16. Bxd3 Rxd3 17. Rfe1 Nd7 18. Rac1 Nc5 19. Re2 Rad8 20. Be5 Bh6 21.
Rb1 Nxe4 22. Nxe4 Rd1+ 23. Rxd1 Rxd1+ 24. Ne1 Ba6 25. Nc3 Ra1 { 0-1 Herndl,H  (
2365 ) -Horvath,J  ( 2515 ) /Austria 1996/CBM 057 ext}  )15... Ne4 16. Nxe4
Bxe4 17. Rfd1 Nd3 18. Bxd3 Bxd3 19. Rac1 h6 20. h4 e6 21. Nh2 Bb5 22. Rxd8+
Rxd8 23. g3 Be2 24. f3 { Uhlmann,W-Kortschnoj,V/Stockholm 1962/IZT/1/2-1/2  (
40 )}  )10. Bg5 h6 11. Be3 ( 11. Bxf6 $5 Qxf6 12. e5 $11 )11... exd5 $15 12.
exd5 Bf5 { Black threatens to win material: Bf5xd3}  13. Qd2 { White has a very
active position}  13... Qe7 ( 13... c6 $5 14. Be2 Nxd5 15. Bxh6 Nxc3 16. Bxg7
Qxd2+ 17. Nxd2 Kxg7 18. bxc3 Rfe8 $17 )14. Nd4 $11 Bd7 { White has an active
position}  15. Be2 ( 15. O-O-O $5 Ng4 16. Bf4 $11 )15... Ng4 $15 16. Bxg4 Bxg4
17. b3 { Prevents intrusion on c4}  17... c5 18. dxc6 ( 18. Ndb5 $5 a6 19. Na3
$17 )18... Nxc6 19. Nxc6 bxc6 20. O-O Rfd8 21. Qe1 Bf5 22. Qc1 ( 22. Rc1 Bd3
23. Ne2 f5 $17 )22... Qb4 ( 22... Qf6 $142 23. Ne2 Qxa1 24. Qxa1 Bxa1 25. Rxa1
Bd3 $19 )23. Bd2 $4 { the position is going down the drain}  ( 23. Ne2 $142 Qh4
24. Ng3 $17 )23... Rxd2 $1 $19 { Decoy: d2}  24. Qxd2 Bxc3 ( 24... Qxc3 $6 25.
Qxc3 Bxc3 26. Rac1 $19 )25. Qxh6 ( 25. Qe3 { hardly improves anything}  25...
Bxa1 26. Rxa1 c5 $19 )25... Bxa1 26. Rxa1 Re8 27. Qc1 Re2 28. Qd1 Qd2 ( 28...
Qc3 $5 $142 { might be the shorter path}  29. Rc1 Qb2 30. Qd8+ Kg7 31. Rf1 $19
)29. Qxd2 Rxd2 30. f3 ( 30. b4 { doesn't get the bull off the ice}  30... g5
$19 )30... Kf8 ( 30... c5 { keeps an even firmer grip}  31. g4 Be6 32. h4 $19
)31. Rc1 ( 31. b4 { is not the saving move}  31... Be6 32. a3 Bd5 $19 )31...
Rc2 ( 31... Bd7 $5 { seems even better}  32. Ra1 $19 )32. Rxc2 Bxc2 33. Kf2 Ke7
34. Ke3 Kd6 35. h4 ( 35. Kd2 { a fruitless try to alter the course of the game}
 35... Bb1 $19 )35... Ke5 36. g4 Bd1 37. f4+ ( 37. h5 { is not much help} 
37... gxh5 38. gxh5 Kf5 $19 )37... Ke6 38. g5 ( 38. h5 { doesn't do any good} 
38... gxh5 39. gxh5 Bxh5 $19 )38... Kf5 39. b4 Bc2 40. a3 Bb3 ( 40... Ba4 {
makes it even easier for Black}  41. Kf3 $19 )41. Kf3 ( 41. Kd4 { is not the
saving move}  41... Kxf4 42. Kc5 Bd5 $19 )41... Bd5+ 42. Kg3 ( 42. Ke3 {
doesn't get the cat off the tree}  42... Kg4 $19 )42... Be4 43. a4 ( 43. Kf2 {
doesn't change the outcome of the game}  43... Kxf4 44. Ke2 Kg4 $19 )43... Bc2
44. a5 ( 44. Kf3 { does not save the day}  44... Bd1+ 45. Ke3 Bxa4 $19 )44...
Be4 ( 44... Bd1 $19 $142 { and Black can already relax} )45. h5 ( 45. Kf2 { the
only chance to get some counterplay}  45... Kxf4 46. Ke2 $19 )45... gxh5 46.
Kh4 Bf3 47. Kg3 Bd1  0-1

[Event "Lidums Checkmate Op"]
[Site "Adelaide"]
[Date "2007.07.07"]
[Round "1.15"]
[White "Zvedeniouk, Ilya"]
[Black "Amini, Amir"]
[Result "1-0"]
[Annotator "Anderson-Smith,William"]
[BlackElo "1758"]
[EventCountry "AUS"]
[EventDate "2007.07.07"]
[EventRounds "7"]
[EventType "swiss"]
[PlyCount "35"]
[WhiteElo "2123"]

{ B12: Caro-Kann: Advance Variation } 1. e4 c6 2. d4 d5 3. e5 Bf5 4. h4 h5 5.
Bd3 Bxd3 6. Qxd3 e6 7. Nf3 Qb6 { Black is behind in developement}  ( 7... Qa5+
8. Nbd2 Qa6 9. c4 Nh6 10. b3 Nf5 11. Bb2 Bb4 12. a3 Bxd2+ 13. Kxd2 Nd7 14. Ke2
dxc4 15. bxc4 O-O-O 16. a4 f6 17. exf6 Nxf6 18. Rhd1 Ng4 19. Ba3 g6 20. Qc3 Qb6
21. Rd2 Qc7 22. Re1 { Spassky,B  ( 2625 ) -Larsen,B  ( 2605 ) /Bugojno
1982/MCD/1-0  ( 38 )}  )( 7... Ne7 8. O-O Nf5 9. g3 Nd7 10. b3 Qb6 11. c4 Qa6
12. Qc3 Be7 13. c5 b6 14. b4 b5 15. Bd2 Qb7 16. a4 a6 17. Qb2 O-O 18. Bc3 Rfb8
19. Nbd2 bxa4 20. Rxa4 a5 21. Rfa1 axb4 22. Rxa8 { Pambalos,P  ( 2010 )
-Sekadakis,D/Kallithea Chalkidiki 2003/ CBM 095 ext/1/2-1/2  ( 56 )}  )8. Nc3
$146 ( 8. b3 c5 9. dxc5 Bxc5 10. O-O Ne7 11. Nc3 Nd7 12. Bb2 Nf5 13. Nxd5 Qc6
14. Nf4 Be7 15. g3 Rd8 16. Qe2 Bc5 17. Kh2 b5 18. Rad1 Rc8 19. Rc1 Nb6 20. Rfd1
g6 21. Ng5 Nh6 22. Ne4 Ng4+ { Wallace,P  ( 2210 ) -Krutti,V  ( 2382 )
/Lichfield 2000/CBM 077 ext/0-1  ( 102 )}  )8... c5 ( 8... Be7 9. Ne2 $11 )9.
dxc5 $14 Bxc5 10. O-O { Black has a cramped position}  10... Qa6 ( 10... Qc6 $5
$14 { should be investigated more closely} )11. Nb5 $16 Qb6 ( 11... Qc6 $5
$16)12. Be3 $18 Ne7 $4 { an oversight. But Black was lost anyway.}  ( 12... Nh6
$142 13. Nd6+ $1 { Deflection: c5}  13... Kf8 $18 )13. Nd6+ $1 { Deflection:
c5}  13... Kf8 ( 13... Bxd6 14. Bxb6 { Pinning}  ( 14. Bxb6 { Deflection} ))14.
Ng5 ( 14. Bxc5 { keeps an even firmer grip}  14... Qxc5 15. Ng5 Kg8 $18 )14...
Nd7 ( 14... d4 { cannot change what is in store for ?}  15. Ndxf7 dxe3 16. Nxh8
exf2+ 17. Kh2 $18 )15. Ndxf7 Rg8 ( 15... Rh6 { hoping against hope}  16. Nxh6
gxh6 17. Bxc5 Nxc5 18. Qf3+ Nf5 19. Qxh5 hxg5 20. Qh8+ Ke7 21. Qxa8 gxh4 $18
)16. Nd6 $1 { Deflection: c5}  16... Nc8 ( 16... Bxd6 17. Nxe6+ { Double
attack}  ( 17. Bxb6 { Pinning} )( 17. Bxb6 { Deflection} )( 17. Nxe6+ { Decoy}
)( 17. Nxe6+ { Interception} ))( 16... -- 17. Nxe6# { Mate threat}  )17. Qg6
Nxd6 18. exd6 ( 18. exd6 Bxe3 19. Nxe6# ) 1-0